00810nam a2200229 i 45000010005000000030009000050050017000140070003000310080041000340200018000750800014000931000026001072450104001332600068002373000027003055000012003325040027003446500028003718520044003999990015004439520122004587529ES-MaACL20230906145244.0t|910128s1989 xxu ||||1| eng d a0-226-35111-4 a159.964.21 aHomans, Peter.96410514aThe Ability to mourn b: desillusionment and the social origins of psychoanalysis / cPeter Homans. aChicago and London : bThe University of Chicago Press, c1989. aXIV, 389 p. ; c24 cm. aIndice. aBibliogr.: p. 369-377.14aPsicoanálisis.916530 aES-MaACLjL-14734 bR.118589 z. - tela c7529d7529 00104070aATENEOMbATENEOMcDEPO2d2008-01-17eSCl0oL-14734p1007682r2023-02-23 00:00:00w2023-02-23yMONOGRAFIA